Educational psychology : (Record no. 81087)

MARC details
000 -LEADER
fixed length control field 00715nam a22002177a 4500
005 - DATE AND TIME OF LATEST TRANSACTION
control field 20131206123322.0
010 ## - LCCN (DPL NO)
LC control number ENG-108789
020 ## - INTERNATIONAL STANDARD BOOK NUMBER
International Standard Book Number 9781259026072
Terms of availability 395.00
020 ## - INTERNATIONAL STANDARD BOOK NUMBER
International Standard Book Number 1259026078
Terms of availability 395.00
035 ## - SYSTEM CONTROL NUMBER
System control number EN-92322
037 ## - SOURCE OF ACQUISITION
Source of stock number/acquisition DBAD/PUB
082 ## - DEWEY DECIMAL CLASSIFICATION NUMBER
Classification number 370.15
100 ## - MAIN ENTRY--PERSONAL NAME
Personal name Panch. Ramalingam
245 ## - TITLE STATEMENT
Title Educational psychology :
Statement of responsibility, etc by Panch. Ramalingam
Remainder of title teaching and learning perspectives /
260 ## - PUBLICATION, DISTRIBUTION, ETC. (IMPRINT)
Place of publication, distribution, etc New Delhi
Name of publisher, distributor, etc McGraw-Hill Education
Date of publication, distribution, etc 2013
270 ## - ADDRESS
Address P-24 Green Park Extension
City New Delhi
Postal code 110016
300 ## - PHYSICAL DESCRIPTION
Extent xxviii,492p. :
Other physical details ill.
Dimensions 24cm(pbk)
500 ## - GENERAL NOTE
General note Includes bibliographical references and index
650 ## - SUBJECT ADDED ENTRY--TOPICAL TERM
Topical term or geographic name as entry element Educational psychology
942 ## - ADDED ENTRY ELEMENTS (KOHA)
Source of classification or shelving scheme Dewey Decimal Classification
Item type English Books
Classification part 370.15
Call number suffix PAN
Holdings
Withdrawn status Lost status Not for loan Collection code Home library Current library Date acquired Source of acquisition Cost, normal purchase price Full call number Barcode Copy number Cost, replacement price Koha item type
    Not For Loan Non-fiction D.B.Act.Division D.B.Act.Division 06/12/2013 DBAD/PUB 395.00 370.15 PAN EN-92322 1 395.00 English Books

© Delhi Public Library
Hit Counter
free hit counter